Clubs With the Most Players at Euro 2024 - Statistics

General Stats
  • This quiz has been taken 563 times
  • The average score is 17 of 31
Answer Stats
# Answer % Correct
13 Manchester City
98%
12 Real Madrid
98%
12 Barcelona
96%
8 Manchester United
96%
11 Bayern Munich
95%
8 AC Milan
92%
13 Inter Milan
92%
12 Paris Saint-Germain
92%
10 Arsenal
91%
6 Borussia Dortmund
90%
9 Liverpool
90%
9 Juventus
86%
7 Atlético Madrid
85%
6 Napoli
70%
9 Bayer Leverkusen
69%
9 AS Roma
67%
6 Dynamo Kyiv
38%
7 Feyenoord
38%
6 Real Sociedad
29%
7 Fenerbahce
26%
9 Slavia Prague
25%
8 Bologna
23%
6 Sparta Prague
23%
6 Brighton & Hove Albion
21%
11 RB Leipzig
18%
6 Anderlecht
16%
7 Shakhtar Donetsk
15%
6 Brentford
14%
8 Vfl Wolfsburg
11%
6 Torino
10%
6 TSG Hoffenheim
5%
No matching quizzes found
Score Distribution
Percent of People with Each Score
Percentile by Number Answered
Your Score History
You have not taken this quiz